[Event "Stay Safe Play From Home 242"]
[Site "Emanuel Lasker Arena"]
[Date "2020.06.21"]
[Round "1"]
[White "Mepe_Nika"]
[Black "Don59as"]
[Result "1-0"]
[WhiteElo "2400"]
[BlackElo "2017"]
[Annotator "NA"]
[PlyCount "83"]
[EventDate "2020.06.21"]
[EventType "swiss (blitz)"]

1. g3 {[%emt 0:00:01]} d5 {[%emt 0:00:01]} 2. Bg2 {[%emt 0:00:00]} e6 {[%emt 0:00:00]} 3. d3 {[%emt 0:00:00]} Nf6 {[%emt 0:00:01]} 4. Nc3 {[%emt 0:00:01]} Be7 {[%emt 0:00:00]} 5. e4 {[%emt 0:00:00]} dxe4 {[%emt 0:00:01]} 6. Nxe4 {[%emt 0:00:02]} Nxe4 {[%emt 0:00:01]} 7. dxe4 {[%emt 0:00:00]} Qxd1+ {[%emt 0:00:02]} 8. Kxd1 {[%emt 0:00:00]} Nc6 {[%emt 0:00:01]} 9. c3 {[%emt 0:00:00]} e5 {[%emt 0:00:01]} 10. Kc2 {[%emt 0:00:01]} Be6 {[%emt 0:00:01]} 11. Ne2 {[%emt 0:00:01]} O-O-O {[%emt 0:00:01]} 12. Be3 {[%emt 0:00:01]} f6 {[%emt 0:00:01]} 13. Rhd1 {[%emt 0:00:01]} a6 {[%emt 0:00:01]} 14. a4 {[%emt 0:00:01]} Rhe8 {[%emt 0:00:02]} 15. f3 {[%emt 0:00:01]} g5 {[%emt 0:00:01]} 16. Rxd8+ {[%emt 0:00:03]} Rxd8 {[%emt 0:00:01]} 17. b4 {[%emt 0:00:02]} h5 {[%emt 0:00:03]} 18. f4 {[%emt 0:00:03]} gxf4 {[%emt 0:00:02]} 19. gxf4 {[%emt 0:00:00]} Bc4 {[%emt 0:00:01]} 20. Ng3 {[%emt 0:00:02]} h4 {[%emt 0:00:03]} 21. Nf5 {[%emt 0:00:01]} Bf8 {[%emt 0:00:04]} 22. Kb2 {[%emt 0:00:02]} h3 {[%emt 0:00:07]} 23. Bxh3 {[%emt 0:00:04]} Kb8 {[%emt 0:00:02]} 24. Bg4 {[%emt 0:00:03]} Rd3 {[%emt 0:00:02]} 25. Rd1 {[%emt 0:00:00]} b5 {[%emt 0:00:04]} 26. Rxd3 {[%emt 0:00:01]} Bxd3 {[%emt 0:00:00]} 27. axb5 {[%emt 0:00:01]} axb5 {[%emt 0:00:00]} 28. Ng3 {[%emt 0:00:00]} Bd6 {[%emt 0:00:03]} 29. f5 {[%emt 0:00:02]} Ne7 {[%emt 0:00:02]} 30. h4 {[%emt 0:00:01]} c5 {[%emt 0:00:01]} 31. bxc5 {[%emt 0:00:01]} Bc7 {[%emt 0:00:01]} 32. h5 {[%emt 0:00:00]} Ng8 {[%emt 0:00:01]} 33. h6 {[%emt 0:00:01]} Nxh6 {[%emt 0:00:01]} 34. Bxh6 {[%emt 0:00:00]} Ba5 {[%emt 0:00:04]} 35. Bg7 {[%emt 0:00:01]} Bd8 {[%emt 0:00:02]} 36. Nh5 {[%emt 0:00:02]} Bc4 {[%emt 0:00:00]} 37. Bxf6 {[%emt 0:00:01]} Bc7 {[%emt 0:00:01]} 38. Be7 {[%emt 0:00:01]} Bd3 {[%emt 0:00:00]} 39. Ng3 {[%emt 0:00:01]} Kb7 {[%emt 0:00:01]} 40. f6 {[%emt 0:00:01]} Bc4 {[%emt 0:00:01]} 41. Bh5 {[%emt 0:00:01]} Kc6 {[%emt 0:00:01]} 42. f7 {[%emt 0:00:01] (Lag: Av=0.54s, max=1.2s)} 1-0

[Event "Stay Safe Play From Home 242"]
[Site "Emanuel Lasker Arena"]
[Date "2020.06.21"]
[Round "1"]
[White "SoulofWolf"]
[Black "Konmos"]
[Result "1-0"]
[WhiteElo "2126"]
[BlackElo "1759"]
[PlyCount "87"]
[EventDate "2020.06.21"]
[EventType "swiss (blitz)"]

1. e4 {[%emt 0:00:01]} d5 {[%emt 0:00:01]} 2. exd5 {[%emt 0:00:01]} Nf6 {[%emt 0:00:00]} 3. d4 {[%emt 0:00:00]} Nxd5 {[%emt 0:00:01]} 4. c4 {[%emt 0:00:00]} Nb4 {[%emt 0:00:00]} 5. Nf3 {[%emt 0:00:01]} Bg4 {[%emt 0:00:01]} 6. Be2 {[%emt 0:00:01]} Bxf3 {[%emt 0:00:01]} 7. Bxf3 {[%emt 0:00:01]} c6 {[%emt 0:00:02]} 8. O-O {[%emt 0:00:01]} e6 {[%emt 0:00:00]} 9. Re1 {[%emt 0:00:01]} Be7 {[%emt 0:00:03]} 10. a3 {[%emt 0:00:01]} N4a6 {[%emt 0:00:01]} 11. b4 {[%emt 0:00:00]} Nc7 {[%emt 0:00:01]} 12. Bb2 {[%emt 0:00:00]} O-O {[%emt 0:00:01]} 13. Nd2 {[%emt 0:00:04]} Nd7 {[%emt 0:00:01]} 14. Qe2 {[%emt 0:00:02]} a5 {[%emt 0:00:01]} 15. Bc3 {[%emt 0:00:02]} axb4 {[%emt 0:00:01]} 16. axb4 {[%emt 0:00:00]} Rxa1 {[%emt 0:00:01]} 17. Rxa1 {[%emt 0:00:00]} Bf6 {[%emt 0:00:01]} 18. Ne4 {[%emt 0:00:01]} Be7 {[%emt 0:00:02]} 19. h3 {[%emt 0:00:03]} Na6 {[%emt 0:00:01]} 20. Rb1 {[%emt 0:00:03]} Nf6 {[%emt 0:00:01]} 21. Ng3 {[%emt 0:00:01]} Qb6 {[%emt 0:00:03]} 22. c5 {[%emt 0:00:03]} Qc7 {[%emt 0:00:02]} 23. Qc4 {[%emt 0:00:05]} Nd5 {[%emt 0:00:01]} 24. Bd2 {[%emt 0:00:01]} Rd8 {[%emt 0:00:07]} 25. Ne4 {[%emt 0:00:00]} h6 {[%emt 0:00:03]} 26. Be2 {[%emt 0:00:02]} Nf4 {[%emt 0:00:01]} 27. Bf1 {[%emt 0:00:01]} Qd7 {[%emt 0:00:02]} 28. Be3 {[%emt 0:00:01]} Ng6 {[%emt 0:00:04]} 29. b5 {[%emt 0:00:01]} Nc7 {[%emt 0:00:01]} 30. bxc6 {[%emt 0:00:02]} bxc6 {[%emt 0:00:00]} 31. Rb7 {[%emt 0:00:01]} Qc8 {[%emt 0:00:01]} 32. Qb3 {[%emt 0:00:05]} Nd5 {[%emt 0:00:01]} 33. Bc1 {[%emt 0:00:02]} Ngf4 {[%emt 0:00:01]} 34. Nd6 {[%emt 0:00:01]} Bxd6 {[%emt 0:00:02]} 35. cxd6 {[%emt 0:00:00]} Rxd6 {[%emt 0:00:01]} 36. Rb8 {[%emt 0:00:01]} Rd8 {[%emt 0:00:02]} 37. Rxc8 {[%emt 0:00:01]} Rxc8 {[%emt 0:00:00]} 38. Qg3 {[%emt 0:00:01]} Ng6 {[%emt 0:00:03]} 39. h4 {[%emt 0:00:01]} Ra8 {[%emt 0:00:00]} 40. h5 {[%emt 0:00:01]} Nge7 {[%emt 0:00:01]} 41. Bxh6 {[%emt 0:00:00]} Nf5 {[%emt 0:00:01]} 42. Qg4 {[%emt 0:00:03]} Nxh6 {[%emt 0:00:00]} 43. Qe2 {[%emt 0:00:00]} Ra1 {[%emt 0:00:01]} 44. Qd3 {[%emt 0:00:00] (Lag: Av=0.87s, max=1.4s)} 1-0

[Event "Stay Safe Play From Home 242"]
[Site "Emanuel Lasker Arena"]
[Date "2020.06.21"]
[Round "1"]
[White "Bardellosport"]
[Black "Mandy"]
[Result "1-0"]
[WhiteElo "1998"]
[BlackElo "1001"]
[PlyCount "33"]
[EventDate "2020.06.21"]
[EventType "swiss (blitz)"]

1. d4 {[%emt 0:00:02]} d5 {[%emt 0:00:03]} 2. e3 {[%emt 0:00:00]} c6 {[%emt 0:00:01]} 3. f4 {[%emt 0:00:01]} Bf5 {[%emt 0:00:01]} 4. Nf3 {[%emt 0:00:00]} Nf6 {[%emt 0:00:03]} 5. Bd3 {[%emt 0:00:00]} g6 {[%emt 0:00:01]} 6. Bxf5 {[%emt 0:00:01]} gxf5 {[%emt 0:00:03]} 7. Ne5 {[%emt 0:00:00]} Nbd7 {[%emt 0:00:05]} 8. O-O {[%emt 0:00:01]} e6 {[%emt 0:00:02]} 9. c4 {[%emt 0:00:01]} Bg7 {[%emt 0:00:07]} 10. cxd5 {[%emt 0:00:01]} Nxd5 {[%emt 0:00:04]} 11. Nc3 {[%emt 0:00:01]} Nb4 {[%emt 0:00:03]} 12. Qe2 {[%emt 0:00:01]} O-O {[%emt 0:00:04]} 13. a3 {[%emt 0:00:01]} Na6 {[%emt 0:00:12]} 14. e4 {[%emt 0:00:02]} Bxe5 {[%emt 0:00:06]} 15. fxe5 {[%emt 0:00:01]} c5 {[%emt 0:00:03]} 16. Bh6 {[%emt 0:00:02]} Re8 {[%emt 0:00:02]} 17. exf5 {[%emt 0:00:01] Zeit (Lag: Av=0.45s, max=0.9s)} 1-0

[Event "Stay Safe Play From Home 242"]
[Site "Emanuel Lasker Arena"]
[Date "2020.06.21"]
[Round "1"]
[White "Chase the sun"]
[Black "Broken sword"]
[Result "0-1"]
[WhiteElo "1895"]
[BlackElo "2362"]
[Annotator "TA"]
[PlyCount "80"]
[EventDate "2020.06.21"]
[EventType "swiss (blitz)"]

{[%evp 9,80,-12,27,7,35,16,56,20,19,11,18,16,28,12,15,8,43,43,54,14,29,11,19,0,30,11,17,-153,11,12,18,-3,12,6,22,24,38,-13,181,195,167,35,188,94,83,62,303,302,283,289,249,8,8,8,11,14,26,0,0,-14,-14,-14,-14,-15,0,-8,-8,-8,0,-8,0,0,0]} 1. e4 c5 2. Nc3 e6 3. f4 a6 4. Nf3 d5 5. d3 dxe4 6. Nxe4 {B23: Closed Sicilian: Lines without g3.} Nc6 7. g3 Nf6 8. Bg2 {White is slightly better.} (8. Nxf6+ {is more complex.} Qxf6 9. Bg2 Be7 10. O-O Bd7 11. Bd2) 8... Nxe4 9. dxe4 Qxd1+ 10. Kxd1 b5 11. c3 Bb7 {[#]} 12. Kc2 $146 ({Predecessor:} 12. Be3 Be7 13. Nd2 Na5 14. Kc2 O-O 15. Rhe1 Rfc8 16. Bh1 f6 17. Bf2 Kf7 18. g4 {1-0 (42) Jones,G (2453)-Pritchett,C (2258) West Bromwich 2005}) 12... O-O-O {[#] Strongly threatening ...Nb4+!} 13. Be3 f6 14. Rad1 Be7 15. Rxd8+ Rxd8 16. Rd1 (16. Ra1 {with more complications.} Kc7 17. Nd2 Na5 18. Rf1 g6 19. Re1) 16... Na5 17. Rxd8+ Kxd8 18. b3 $2 (18. Nd2 $11) 18... Nc6 $2 (18... Bxe4+ $17 19. Kb2 {[#]} e5 $1 {[%mdl 512]}) 19. Nd2 $11 Kd7 20. g4 g6 21. h4 e5 22. f5 gxf5 23. exf5 (23. gxf5 $14 Nd8 24. Nb1) 23... Nd8 $2 (23... Nb4+ $11 {and Black has nothing to worry.} 24. cxb4 Bxg2 25. Bxc5 Bh3 26. Bxe7 Kxe7) 24. Bxb7 Nxb7 $18 {[%mdl 4096] Endgame KBN-KBN} 25. g5 (25. c4 $18) 25... Ke8 $2 ({Black should try} 25... Nd6 $14) 26. Ne4 ({Better is} 26. g6 $18 hxg6 27. fxg6) 26... fxg5 $16 27. hxg5 {Black must now prevent Kd3.} Bf8 $2 (27... c4 $1 $14) 28. g6 $18 hxg6 29. fxg6 c4 30. Ng5 $2 (30. bxc4 $18 bxc4 31. Nf6+ Ke7 32. Nh5) 30... cxb3+ 31. axb3 {White wants to play Ne6.} Nd6 32. Ne6 Nf5 33. g7 Nxg7 {The position is equal.} (33... Bxg7 {is interesting.} 34. Bd2 e4 35. Nc7+ Kd7 36. Nxa6 Kc6) 34. Nxg7+ Bxg7 $11 {KB-KB} 35. Kd3 Kd7 36. Ke4 Ke6 37. c4 bxc4 38. bxc4 Bf8 {And now ...a5 would win.} 39. Bb6 Bd6 40. Ba5 Bc5 {[%mdl 32768] White really could win this. Accuracy: White = 55%, Black = 60%. . Loss on time!?} 0-1

[Event "Stay Safe Play From Home 242"]
[Site "Emanuel Lasker Arena"]
[Date "2020.06.21"]
[Round "1"]
[White "GIULIO19031975"]
[Black "Mehrdadahouran"]
[Result "1-0"]
[WhiteElo "1775"]
[BlackElo "1807"]
[Annotator "NA"]
[PlyCount "45"]
[EventDate "2020.06.21"]
[EventType "swiss (blitz)"]

1. e4 {[%emt 0:00:01]} e6 {[%emt 0:00:02]} 2. Nf3 {[%emt 0:00:01]} d5 {[%emt 0:00:01]} 3. exd5 {[%emt 0:00:01]} exd5 {[%emt 0:00:01]} 4. d3 {[%emt 0:00:00]} Bg4 {[%emt 0:00:01]} 5. Be2 {[%emt 0:00:00]} Bd6 {[%emt 0:00:01]} 6. h3 {[%emt 0:00:00]} Bh5 {[%emt 0:00:01]} 7. Be3 {[%emt 0:00:01]} Nf6 {[%emt 0:00:03]} 8. Nbd2 {[%emt 0:00:00]} Nbd7 {[%emt 0:00:05]} 9. Nd4 {[%emt 0:00:01]} Bxe2 {[%emt 0:00:03]} 10. Qxe2 {[%emt 0:00:01]} O-O {[%emt 0:00:02]} 11. Nf5 {[%emt 0:00:01]} Ne5 {[%emt 0:00:08]} 12. O-O-O {[%emt 0:00:01]} Re8 {[%emt 0:00:06]} 13. Kb1 {[%emt 0:00:01]} Ng6 {[%emt 0:00:03]} 14. Rhe1 {[%emt 0:00:02]} Bf4 {[%emt 0:00:09]} 15. Qf3 {[%emt 0:00:01]} Bxe3 {[%emt 0:00:02]} 16. fxe3 {[%emt 0:00:01]} Qd7 {[%emt 0:00:01]} 17. g4 {[%emt 0:00:01]} c6 {[%emt 0:00:04]} 18. h4 {[%emt 0:00:01]} Ne5 {[%emt 0:00:03]} 19. Qg3 {[%emt 0:00:01]} Nexg4 {[%emt 0:00:02]} 20. e4 {[%emt 0:00:02]} h5 {[%emt 0:00:01]} 21. Rf1 {[%emt 0:00:02]} dxe4 {[%emt 0:00:01]} 22. Nxe4 {[%emt 0:00:01]} Nxe4 {[%emt 0:00:01]} 23. dxe4 {[%emt 0:00:00] Time (Lag: Av=0.78s, max=1.0s)} 1-0

[Event "Stay Safe Play From Home 242"]
[Site "Emanuel Lasker Arena"]
[Date "2020.06.21"]
[Round "2"]
[White "Mepe_Nika"]
[Black "SoulofWolf"]
[Result "1-0"]
[WhiteElo "2403"]
[BlackElo "2129"]
[Annotator "TA"]
[PlyCount "85"]
[EventDate "2020.06.21"]
[EventType "swiss (blitz)"]

{[%evp 9,84,44,64,48,63,59,58,72,71,68,72,0,94,80,119,106,112,118,146,132,147,0,158,-17,116,47,872,135,687,722,615,201,272,295,364,365,316,334,1272,485,1197,1158,1405,1175,1579,1381,1333,1329,1747,1731,1697,1564,2141,1215,1443,1414,2033,1121,1077,1045,29980,29981,29989,1895,29990,29991,29993,29993,29994,29993,29993,29994,29995,29996,29996,29997,29999]} 1. d4 c6 2. Bf4 d5 3. e3 g6 4. c4 Bg7 5. Nc3 e6 {[#]} 6. Be2 $146 {D00: 1 d4 d5: Unusual lines.} ({Predecessor:} 6. Nf3 Ne7 7. Bd3 O-O 8. O-O dxc4 9. Bxc4 Nd5 10. Bg3 Nd7 11. e4 Nxc3 12. bxc3 {0-1 (30) Randrianarimanana,A (1971)-Lardon,Q (2013) Europe Chess INT 2020}) 6... Nd7 7. h4 Ngf6 8. h5 {White is slightly better.} Qa5 9. h6 Bf8 10. cxd5 (10. Kf1 $16) 10... cxd5 (10... Nxd5 $11 11. Kf1 Nxf4 12. exf4 Nb6) 11. Nf3 Bb4 12. O-O Bxc3 13. bxc3 Ne4 14. c4 O-O 15. c5 (15. Bd3 $16) 15... f6 $2 (15... b6 $1 $11) 16. Bd6 $2 ({White should try} 16. Bd3 $16) 16... Re8 (16... Nxd6 $11 17. cxd6 Qb6) 17. Bd3 ({Better is} 17. Bh2 $16) 17... e5 $2 {[%mdl 8192]} (17... Nxd6 $14 18. cxd6 Qa3) 18. dxe5 $2 (18. Bxe4 $1 $18 {is the precise move to win.} Nb6 19. Bxg6 hxg6 20. dxe5) 18... Nxe5 $2 {[%mdl 8192] This move loses the game for Black.} (18... Nxd6 $16 19. cxd6 Nxe5) 19. Bxe4 $18 dxe4 20. Qd5+ $2 (20. Nxe5 {aiming for Qd5+.} fxe5 21. Qd5+ {[%mdl 64] Double Attack} Re6 22. Bxe5) 20... Be6 21. Qxe4 Bf5 22. Qxb7 {[%csl Gh6][%cal Rb7g7] [#]} Nf7 23. Nd4 Bc8 $2 (23... Be4 24. Qb3 Qa6) 24. Qd5 (24. Qxa8 $142 Qa6 25. Rab1 Nxd6 26. cxd6 Qxd6 27. Rfc1) 24... Rb8 (24... Ba6 $142 25. Nc6 Qb5 26. Ne7+ Rxe7 27. Bxe7 Bb7) 25. Bxb8 Qa6 26. Bd6 Bb7 27. Qb3 Be4 28. Rfd1 Qc8 29. f3 Ba8 30. Rac1 Qd7 31. Ne2 Rc8 32. Nf4 Kh8 33. Qe6 Qxe6 34. Nxe6 Ng5 35. Nxg5 {[%mdl 64] [#] Overworked Piece} fxg5 36. Be5+ Kg8 37. Rd7 {White mates.} Kf8 38. Rxh7 Bc6 39. Rh8+ Ke7 40. Rxc8 Ke6 41. h7 Bd5 42. h8=Q Kf5 43. Qf6# {Accuracy: White = 40%, Black = 23%.} 1-0

[Event "Stay Safe Play From Home 242"]
[Site "Emanuel Lasker Arena"]
[Date "2020.06.21"]
[Round "2"]
[White "Broken sword"]
[Black "Bardellosport"]
[Result "1-0"]
[WhiteElo "2364"]
[BlackElo "1998"]
[Annotator "TA"]
[PlyCount "43"]
[EventDate "2020.06.21"]
[EventType "swiss (blitz)"]

{[%evp 9,43,15,26,23,44,43,56,31,40,42,41,41,41,30,38,2,23,25,24,26,143,16,193,29,202,0,67,9,34,32,207,109,144,130,1200,1180]} 1. d4 g6 2. Nf3 Bg7 3. c3 d6 4. Bg5 Nd7 5. Nbd2 h6 6. Bh4 {A40: Unusual replies to 1 d4.} g5 7. Bg3 e6 8. e3 {White is slightly better.} Ne7 {[#]} 9. h3 $146 ({Predecessor:} 9. Bd3 Nf5 10. e4 Nxg3 11. hxg3 Qe7 12. b4 b6 13. Qc2 Bb7 14. b5 c5 15. bxc6 Bxc6 16. Qb3 {½-½ (26) Lehmann,T (1256)-Seidel,J (1956) Eschborn 2014}) 9... O-O 10. Bd3 b6 11. Qe2 Bb7 12. Ba6 Qc8 13. Bxb7 Qxb7 14. a4 c5 (14... a6 $11 {keeps the balance.}) 15. a5 ({White should try} 15. Bxd6 $16 Rfe8 16. O-O) 15... b5 $2 {[#]} (15... d5 $11) 16. O-O $2 (16. Bxd6 $18 Rfe8 17. dxc5) 16... a6 $2 (16... e5 $11) 17. Rfe1 $2 (17. Bxd6 $18 Rfe8 18. dxc5) 17... d5 (17... e5 $11) 18. e4 (18. Bd6 $14 Rfe8 19. dxc5) 18... dxe4 19. Nxe4 Nd5 $2 {[#]} (19... cxd4 $14 20. Nxd4 Bxd4 21. cxd4 Nf5) 20. Nxc5 (20. dxc5 $18 Qc8 21. Qc2) 20... Nxc5 $16 21. dxc5 Qc7 $2 {[%mdl 8192]} (21... b4 $16) 22. Bxc7 {Accuracy: White = 41%, Black = 29%.} 1-0

[Event "Stay Safe Play From Home 242"]
[Site "Emanuel Lasker Arena"]
[Date "2020.06.21"]
[Round "2"]
[White "Don59as"]
[Black "GIULIO19031975"]
[Result "1-0"]
[WhiteElo "2014"]
[BlackElo "1793"]
[Annotator "NA RC"]
[PlyCount "65"]
[EventDate "2020.06.21"]
[EventType "swiss (blitz)"]

1. c4 {[%emt 0:00:02]} c5 {[%emt 0:00:01]} 2. Nc3 {[%emt 0:00:01]} Nf6 {[%emt 0:00:00]} 3. g3 {[%emt 0:00:01]} e6 {[%emt 0:00:00]} 4. Bg2 {[%emt 0:00:01]} d6 {[%emt 0:00:00]} 5. e4 {[%emt 0:00:01]} Be7 {[%emt 0:00:01]} 6. Nge2 {[%emt 0:00:00]} Nbd7 {[%emt 0:00:01]} 7. O-O {[%emt 0:00:00]} h5 {[%emt 0:00:01]} 8. h3 {[%emt 0:00:01]} h4 {[%emt 0:00:01]} 9. g4 {[%emt 0:00:00]} Ne5 {[%emt 0:00:02]} 10. d3 {[%emt 0:00:02]} Nexg4 {[%emt 0:00:01]} 11. hxg4 {[%emt 0:00:01]} h3 {[%emt 0:00:00]} 12. Bf3 {[%emt 0:00:01]} h2+ {[%emt 0:00:02]} 13. Kh1 {[%emt 0:00:00]} Bd7 {[%emt 0:00:02]} 14. Ng3 {[%emt 0:00:01]} Bc6 {[%emt 0:00:04]} 15. Be3 {[%emt 0:00:01]} Nh7 {[%emt 0:00:01]} 16. d4 {[%emt 0:00:04]} cxd4 {[%emt 0:00:01]} 17. Bxd4 {[%emt 0:00:00]} Bf6 {[%emt 0:00:01]} 18. Bxf6 {[%emt 0:00:02]} Nxf6 {[%emt 0:00:00]} 19. Bg2 {[%emt 0:00:01]} Qe7 {[%emt 0:00:03]} 20. Re1 {[%emt 0:00:01]} O-O-O {[%emt 0:00:01]} 21. Nd5 {[%emt 0:00:00]} Qc7 {[%emt 0:00:06]} 22. Rc1 {[%emt 0:00:04]} exd5 {[%emt 0:00:01]} 23. cxd5 {[%emt 0:00:01]} Qb6 {[%emt 0:00:04]} 24. dxc6 {[%emt 0:00:01]} bxc6 {[%emt 0:00:01]} 25. Qa4 {[%emt 0:00:01]} c5 {[%emt 0:00:04]} 26. e5 {[%emt 0:00:01]} Nxg4 {[%emt 0:00:01]} 27. Re2 {[%emt 0:00:03]} Nxe5 {[%emt 0:00:06]} 28. b4 {[%emt 0:00:03]} c4 {[%emt 0:00:03]} 29. Rxe5 {[%emt 0:00:03]} dxe5 {[%emt 0:00:02]} 30. Rxc4+ {[%emt 0:00:01]} Kb8 {[%emt 0:00:01]} 31. Rc6 {[%emt 0:00:03]} Qxf2 {[%emt 0:00:02]} 32. Qb5+ {[%emt 0:00:02]} Ka8 {[%emt 0:00:03]} 33. Rc8# {[%emt 0:00:01] (Lag: Av=0.53s, max=0.7s)} 1-0

[Event "Stay Safe Play From Home 242"]
[Site "Emanuel Lasker Arena"]
[Date "2020.06.21"]
[Round "2"]
[White "Konmos"]
[Black "Mehrdadahouran"]
[Result "0-1"]
[WhiteElo "1755"]
[BlackElo "1789"]
[Annotator "NA RC"]
[PlyCount "74"]
[EventDate "2020.06.21"]
[EventType "swiss (blitz)"]

1. d4 {[%emt 0:00:01]} c6 {[%emt 0:00:01]} 2. c4 {[%emt 0:00:00]} g6 {[%emt 0:00:00]} 3. Nc3 {[%emt 0:00:00]} Bg7 {[%emt 0:00:00]} 4. e4 {[%emt 0:00:00]} d6 {[%emt 0:00:01]} 5. f4 {[%emt 0:00:00]} e6 {[%emt 0:00:01]} 6. Nf3 {[%emt 0:00:01]} Ne7 {[%emt 0:00:01]} 7. e5 {[%emt 0:00:01]} d5 {[%emt 0:00:02]} 8. cxd5 {[%emt 0:00:02]} cxd5 {[%emt 0:00:01]} 9. Bd3 {[%emt 0:00:01]} O-O {[%emt 0:00:01]} 10. Be3 {[%emt 0:00:00]} Nbc6 {[%emt 0:00:01]} 11. h4 {[%emt 0:00:01]} a6 {[%emt 0:00:01]} 12. h5 {[%emt 0:00:01]} b5 {[%emt 0:00:04]} 13. hxg6 {[%emt 0:00:01]} fxg6 {[%emt 0:00:02]} 14. a3 {[%emt 0:00:00]} Nf5 {[%emt 0:00:01]} 15. Qd2 {[%emt 0:00:05]} Nxe3 {[%emt 0:00:02]} 16. Qxe3 {[%emt 0:00:01]} Rb8 {[%emt 0:00:02]} 17. Ng5 {[%emt 0:00:01]} h6 {[%emt 0:00:02]} 18. Nf3 {[%emt 0:00:03]} Ne7 {[%emt 0:00:01]} 19. Nh4 {[%emt 0:00:02]} Rf5 {[%emt 0:00:04]} 20. Bxf5 {[%emt 0:00:03]} exf5 {[%emt 0:00:01]} 21. Qg3 {[%emt 0:00:02]} Kh7 {[%emt 0:00:02]} 22. O-O-O {[%emt 0:00:01]} Be6 {[%emt 0:00:01]} 23. Kb1 {[%emt 0:00:01]} a5 {[%emt 0:00:00]} 24. Ne2 {[%emt 0:00:04]} b4 {[%emt 0:00:00]} 25. a4 {[%emt 0:00:01]} b3 {[%emt 0:00:04]} 26. Nc3 {[%emt 0:00:02]} Nc6 {[%emt 0:00:02]} 27. Qxg6+ {[%emt 0:00:02]} Kh8 {[%emt 0:00:02]} 28. Qxe6 {[%emt 0:00:02]} Nb4 {[%emt 0:00:01]} 29. Ng6+ {[%emt 0:00:03]} Kh7 {[%emt 0:00:01]} 30. Rxh6+ {[%emt 0:00:01]} Bxh6 {[%emt 0:00:02]} 31. Rh1 {[%emt 0:00:01]} Qg8 {[%emt 0:00:01]} 32. Qxf5 {[%emt 0:00:05]} Qxg6 {[%emt 0:00:01]} 33. Qxg6+ {[%emt 0:00:03]} Kxg6 {[%emt 0:00:00]} 34. g4 {[%emt 0:00:02]} Nc2 {[%emt 0:00:02]} 35. Rh5 {[%emt 0:00:03]} Bxf4 {[%emt 0:00:01]} 36. Nxd5 {[%emt 0:00:04]} Nxd4 {[%emt 0:00:01]} 37. Ne7+ {[%emt 0:00:00]} Kf7 {[%emt 0:00:01] Zeit (Lag: Av=0.78s, max=1.3s)} 0-1

[Event "Stay Safe Play From Home 242"]
[Site "Emanuel Lasker Arena"]
[Date "2020.06.21"]
[Round "2"]
[White "Tvtower68"]
[Black "Chase the sun"]
[Result "1-0"]
[WhiteElo "1750"]
[BlackElo "1893"]
[Annotator "NA RC"]
[PlyCount "49"]
[EventDate "2020.06.21"]
[EventType "swiss (blitz)"]

1. e4 {[%emt 0:00:01]} e6 {[%emt 0:00:01]} 2. Nf3 {[%emt 0:00:01]} d5 {[%emt 0:00:00]} 3. d4 {[%emt 0:00:01]} dxe4 {[%emt 0:00:02]} 4. Ng5 {[%emt 0:00:01]} f5 {[%emt 0:00:01]} 5. f3 {[%emt 0:00:02]} Be7 {[%emt 0:00:01]} 6. h4 {[%emt 0:00:03]} Bxg5 {[%emt 0:00:04]} 7. Bxg5 {[%emt 0:00:03]} Nf6 {[%emt 0:00:01]} 8. fxe4 {[%emt 0:00:01]} fxe4 {[%emt 0:00:00]} 9. Nc3 {[%emt 0:00:02]} Nc6 {[%emt 0:00:01]} 10. Nxe4 {[%emt 0:00:01]} Qxd4 {[%emt 0:00:04]} 11. Nxf6+ {[%emt 0:00:01]} gxf6 {[%emt 0:00:01]} 12. Qh5+ {[%emt 0:00:01]} Ke7 {[%emt 0:00:02]} 13. Bd2 {[%emt 0:00:08]} Bd7 {[%emt 0:00:05]} 14. O-O-O {[%emt 0:00:01]} Rag8 {[%emt 0:00:03]} 15. Bb5 {[%emt 0:00:03]} Qg4 {[%emt 0:00:02]} 16. Qc5+ {[%emt 0:00:05]} Kf7 {[%emt 0:00:02]} 17. Be3 {[%emt 0:00:10]} f5 {[%emt 0:00:06]} 18. Rxd7+ {[%emt 0:00:02]} Kf6 {[%emt 0:00:01]} 19. Bxc6 {[%emt 0:00:02]} bxc6 {[%emt 0:00:02]} 20. Bg5+ {[%emt 0:00:01]} Kg6 {[%emt 0:00:01]} 21. Qe7 {[%emt 0:00:04]} Rf8 {[%emt 0:00:03]} 22. h5+ {[%emt 0:00:02]} Qxh5 {[%emt 0:00:03]} 23. Rxh5 {[%emt 0:00:01]} Kxh5 {[%emt 0:00:00]} 24. Bh4 {[%emt 0:00:03]} Kg4 {[%emt 0:00:00]} 25. Qg5# {[%emt 0:00:01] (Lag: Av=0.43s, max=0.6s)} 1-0